[Event "FICGS class F 000096 email"]
[Site "FICGS email"]
[Date "2011.05.04"]
[Round "1"]
[White "Gonet, Gerard"]
[Black "Coimbra, Ti"]
[Result "1-0"]
[WhiteElo "1159"]
[BlackElo "1160"]
[PlyCount "27"]
[EventDate "2011.??.??"]
[EventType "tourn (corr)"]
[EventRounds "6"]
[SourceTitle "Corr 2013"]
[Source "ChessBase"]
[SourceDate "2012.11.12"]
[SourceVersion "1"]
[SourceVersionDate "2012.11.12"]
[SourceQuality "1"]

1. d4 Nf6 2. Nc3 d5 3. e4 Nxe4 4. Nxe4 dxe4 5. f3 exf3 6. Qxf3 Qxd4 7. Be3 Qxb2 8. Rd1 e5 9. Nh3 Bd6 10. Ng5 Qxc2 11. Qxf7+ Kd8 12. Qxg7 Rf8 13. Nf7+ Kd7 14. Nxd6+ 1-0